LEADER 02076nam0 22004813i 450 001 VAN00249900 005 20240806101421.588 017 70$2N$a9783030396435 100 $a20220909d2020 |0itac50 ba 101 $aeng 102 $aCH 105 $a|||| ||||| 200 1 $aText analysis with R$efor students of literature$fMatthew L. Jockers, Rosamond Thalken 205 $a2. ed 210 $aCham$cSpringer$d2020 215 $axxiii, 277 p.$cill.$d24 cm 410 1$1001VAN00103266$12001 $aQuantitative methods in the humanities and social sciences$1210 $aBerlin [etc.]$cSpringer$d2014- 500 1$3VAN00240628$aText analysis with R for students of literature$92909487 606 $a00A64$xMathematics and literature [MSC 2020]$3VANC037117$2MF 606 $a62-XX$xStatistics [MSC 2020]$3VANC022998$2MF 606 $a68-XX$xComputer science [MSC 2020]$3VANC019670$2MF 610 $aComputational Literary Studies$9KW:K 610 $aCorpus Linguistics and R$9KW:K 610 $aDigital Humanities$9KW:K 610 $aLinguistic Computing$9KW:K 610 $aLiterary Studies$9KW:K 610 $aProgramming and Literature$9KW:K 610 $aText Analysis$9KW:K 610 $aText Classification$9KW:K 610 $aText Clustering$9KW:K 610 $aText Mining$9KW:K 620 $aCH$dCham$3VANL001889 700 1$aJockers$bMatthew L.$3VANV080593$0721648 701 1$aThalken$bRosamond$3VANV204300$01254916 712 $aSpringer $3VANV108073$4650 801 $aIT$bSOL$c20241115$gRICA 856 4 $uhttp://doi.org/10.1007/978-3-030-39643-5$zE-book ? Accesso al full-text attraverso riconoscimento IP di Ateneo, proxy e/o Shibboleth 899 $aBIBLIOTECA DEL DIPARTIMENTO DI MATEMATICA E FISICA$1IT-CE0120$2VAN08 912 $fN 912 $aVAN00249900 950 $aBIBLIOTECA DEL DIPARTIMENTO DI MATEMATICA E FISICA$d08DLOAD e-book 4877 $e08eMF4877 20220909 996 $aText analysis with R for students of literature$92909487 997 $aUNICAMPANIA LEADER 02822nam2 22006253i 450 001 VAN00290401 005 20260409104941.982 017 70$2N$a9783642580130 100 $a20250401d1993 |0itac50 ba 101 $aeng 102 $aDE 105 $a|||| ||||| 181 $ai$b e 182 $ab 183 $acr 200 1 $aˆ7: ‰Combinatorial group theory, applications to geometry$fA. N. Parshin, I. R. Shafarevich (Eds.) 210 $aBerlin$cHeidelberg$cSpringer$d1993 215 $a240 p.$cill.$d24 cm 300 $aTraduzione dal russo 410 1$1001VAN00024175$12001 $aEncyclopaedia of mathematical sciences$feditor in chief: R. V. Gamkrelidze$1210 $aBerlin [etc.]$cSpringer$v58 461 1$1001VAN00286726$12001 $aAlgebra$1210 $aBerlin$cSpringer$1215 $avolumi$cill.$d24 cm$1300 $aI curatori variano$v7 500 1$3VAN00301996$aAlgebra 7$94534621 606 $a00B15$xCollections of articles of miscellaneous specific interest [MSC 2020]$3VANC023985$2MF 606 $a20-XX$xGroup theory and generalizations [MSC 2020]$3VANC019715$2MF 610 $aAlgebra$9KW:K 610 $aAlgebraic Topology$9KW:K 610 $aAutomorphisms$9KW:K 610 $aCohomology$9KW:K 610 $aFundamental groups$9KW:K 610 $aGroup theory$9KW:K 610 $aHomology$9KW:K 610 $aHomotopy$9KW:K 620 $dBerlin$3VANL000066 620 $aDE$dHeidelberg$3VANL000282 702 1$aParshin$bAleksei N.$3VANV020242$4340 702 1$aShafarevich$bIgor R.$3VANV020243$4340 712 $aSpringer $3VANV108073$4650 790 1$aParshin, Aleksei Nikolaevic$zParshin, Aleksei N.$3VANV062487 790 1$aParshin, Alekse? Nikolaevich$zParshin, Aleksei N.$3VANV256437 790 1$aParshin, A. N.$zParshin, Aleksei N.$3VANV256435 790 1$aParshin, A.N.$zParshin, Aleksei N.$3VANV256436 790 1$aParshin, Aleksej N.$zParshin, Aleksei N.$3VANV256438 790 1$aPar?in, A. N.$zParshin, Aleksei N.$3VANV256439 790 1$aPar?in, A.N.$zParshin, Aleksei N.$3VANV256440 790 1$aShafarevich, Igor Rostislavovich$zShafarevich, Igor R.$3VANV062485 790 1$aShafarevich, I. R.$zShafarevich, Igor R.$3VANV062486 790 1$aShafarevich, I.R.$zShafarevich, Igor R.$3VANV255971 801 $aIT$bSOL$c20260410$gRICA 856 4 $uhttps://doi.org/10.1007/978-3-642-58013-0$zE-book ? Accesso al full-text attraverso riconoscimento IP di Ateneo, proxy e/o Shibboleth 899 $aBIBLIOTECA DEL DIPARTIMENTO DI MATEMATICA E FISICA$1IT-CE0120$2VAN08 912 $fN 912 $aVAN00290401 950 $aBIBLIOTECA DEL DIPARTIMENTO DI MATEMATICA E FISICA$d08DLOAD e-Book 11297 $e08eMF11297 20250528 996 $aAlgebra 7$94534621 997 $aUNICAMPANIA